Valtiot, joilla on pisimmät rajat - Statistics

Yleistilastot
  • Tätä visaa on pelattu 2 919 kertaa
  • Keskiarvotulos 14 / 20
Vastaustilastot
Kilometrit Valtio % Oikein
20 017 Venäjä
100%
22 147 Kiina
99%
12 034 Yhdysvallat
98%
8 893 Kanada
97%
14 691 Brasilia
93%
14 103 Intia
90%
9 665 Argentiina
85%
6 171 Chile
84%
12 012 Kazakstan
84%
8 220 Mongolia
84%
10 730 Kongon dem. tasavalta
74%
6 470 Algeria
64%
6 774 Pakistan
61%
6 764 Sudan
56%
5 968 Tšad
50%
7 243 Mali
47%
6 743 Bolivia
45%
6 004 Kolumbia
45%
6 221 Uzbekistan
35%
5 876 Myanmar
27%
Ehtoja vastaavia visoja ei löytynyt
Tulosjakauma
Jokaisen tuloksen saaneiden osuus
Persentiili vastausten määrän mukaan
Tuloshistoriasi
Et ole pelannut tätä visaa